000 00548nam a2200157 i 4500
001 53206
003 ES-MaACL
005 20230906162726.0
007 t|
008 031014s1809 fr ||||1| fre d
100 1 _aDumesnil, Jules.
_945997
245 1 0 _aHistoire des plus célèbres amateurs étrangers, espagnols, anglais, flamands, hollandais et allemands, et de leurs relations avec les artistes.
_n, . Tome V /
_cpar M. J. Dumesnil.
260 _aParis :
_bVve J. Renouard,
_c1860.
300 _a511 p. ;
_c23 cm.
852 _aES-MaACL
_jG-7983
999 _c53206
_d53206